Puberta, nebo deprese? Jak rozpoznat varovné signály, že váš puberťák potřebuje pomoc

Saved in:
Bibliographic Details
Main Author Hubermann, Melanie
Format Electronic eBook
LanguageCzech
Published Grada 2026
Edition1. elektronické vydání
Subjects
Online AccessDostupné v BOOKPORT po přihlášení pomocí eduID
ISBN978-80-271-6388-5
978-80-271-5967-3
Physical Description1 online zdroj (192 stran)

Cover

LEADER 00000nam a2200000 i 4500
001 bkp15050
003 CZ-prgp
005 20260522152618.0
006 m o d
007 cr cn
008 260522s2026 xr o 000 0 cze
020 |a 978-80-271-6388-5  |c 305 Kč  |q (online ; pdf) 
020 |a 978-80-271-5967-3  |c 359 Kč  |q (print) 
040 |a Grada  |b cze  |e rda 
100 1 |a Hubermann, Melanie 
245 1 0 |a Puberta, nebo deprese?  |b Jak rozpoznat varovné signály, že váš puberťák potřebuje pomoc  |c Melanie Hubermann 
250 |a 1. elektronické vydání 
264 1 |b Grada  |c 2026 
300 |a 1 online zdroj (192 stran) 
336 |a text  |b txt  |2 rdacontent 
337 |a počítač  |b c  |2 rdamedia 
338 |a online zdroj  |b cr  |2 rdacarrier 
520 3 |a Jak poznat, kdy je dospívání jen bouřlivé a kdy už jde o volání o pomoc? Tato praktická kniha je nepostradatelným průvodcem pro všechny, kteří chtějí lépe porozumět vnitřnímu světu teenagerů a být jim oporou v této náročné době. Stejně jako k životu patří sport, měla by do něj patřit i péče o duševní zdraví - a tato kniha vám to ukáže! 
650 0 4 |a Sebedůvěra a emoce 
650 0 4 |a Štěstí a pozitivní myšlení 
650 0 4 |a Vztahy, láska, rodina 
856 4 0 |u https://www.bookport.cz/AccountSaml/SignIn/?idp=https://shibboleth.utb.cz/idp/shibboleth&returnUrl=/kniha/puberta-nebo-deprese-16112/  |y Dostupné v BOOKPORT po přihlášení pomocí eduID